000 00555nam a2200193 a 4500
001 000044477
003 DO-SdBNP
005 20180402075532.0
007 000044477
008 140702s20uu dr a 000 0 spa d
040 _aBPMET
_bspa
_cBPMET
100 1 _aRosario Lantigua, Nereyda del
245 1 0 _aDe alegría a la tierra /
_cNereyda del Rosario Lantigua.
260 _a[Santo Domingo] :,
_c[200-?].
300 _a80 p. ;
_c29 cm.
942 _2ddc
_cBK
945 _aRemanejado para la BNPHU / 2018 VM
956 _aVMATEO
_b10
_c20140703
_lBPMSU
_h0069
999 _c7309
_d7309